000 00664nam a22002057i 4500
003 URS
336 _atext
_btxt
_2rdacontent
337 _aunmediated
_bn
_2rdamedia
338 _avolume
_bnc
_2rdacarrier
999 _c8741
_d8741
005 20220114153509.0
008 190123b ||||| |||| 00| 0 eng d
020 _a978971542769
040 _beng
_erda
_cURS Pililla Library
082 0 0 _a899.21810309
_bC11a 2015
100 1 _aCaballero, Federico
_eAuthor
245 1 0 _aAmburukay
_bSugidanon (epics) of Panay-book 2
_cFederico Caballero
264 1 _aQuezon City
_bThe University of the Philippines, Press
_c2015.
300 _avii, 184 pages:
_billustration;
_c15 cm.
942 _2ddc
_cF